| 000 | 00641 a2200169 4500 | ||
|---|---|---|---|
| 020 | _a0691118655 | ||
| 020 | _a9780691118659 | ||
| 082 | 0 | 4 | _a530.11 |
| 090 |
_c339 _d339 |
||
| 100 | 1 | _aEisenstaedt, Jean. | |
| 245 | 1 | 4 |
_aThe curious history of relativity : _bhow einstein's theory of gravity was lost and found again / _cJean Eisenstaedt, Arturo Sangalli. |
| 260 |
_a[S.l.] : _bPrinceton University Press, _c2006. |
||
| 300 |
_a384 p. ; _c24 cm. |
||
| 700 | 1 | _aSangalli, Arturo. | |
| 942 |
_aSNS _cBK _k530.11 EIS |
||
| 999 |
_c28974 _d28974 |
||